Land information systems : an annotated bibliography /

Bibliographic Details
Main Author: Moyer, D. David
Corporate Authors: United States. Department of Agriculture. Natural Resource Economics Division, North American Institute for the Modernization of Land Data Systems
Format: Book
Language:English
Published: [Washington] : Falls Church, Va. : Natural Resource Economics Division, Economics, Statistics, and Cooperatives Service, U.S. Dept. of Agriculture ; MOLDS, 1978.
Subjects:

MARC

Tag First Indicator Second Indicator Subfields
LEADER 00000cam a2200000 a 4500
001 in00000522421
005 20160525112055.0
008 781020s1978 dcu b f00110 eng d
035 |a (OCoLC)04309533 
035 |9 ACF5367AM 
040 |a AGL  |c AGL  |d m.c.  |d TXA  |d UtOrBLW 
049 |a TXAM  |c [1659052] 
050 0 0 |a KF671.A1  |b M69 1978 
090 |a Z7164.L3  |b M6 1978 
100 1 |a Moyer, D. David. 
245 1 0 |a Land information systems :  |b an annotated bibliography /  |c compiled by D. David Moyer. 
264 1 |a [Washington] :  |b Natural Resource Economics Division, Economics, Statistics, and Cooperatives Service, U.S. Dept. of Agriculture ;  |a Falls Church, Va. :  |b MOLDS,  |c 1978. 
300 |a v, 195 pages 
336 |a text  |b txt  |2 rdacontent 
337 |a unmediated  |b n  |2 rdamedia 
338 |a volume  |b nc  |2 rdacarrier 
500 |a Includes indexes. 
650 0 |a Land use  |x Bibliography. 
710 1 |a United States.  |b Department of Agriculture.  |b Natural Resource Economics Division. 
710 2 |a North American Institute for the Modernization of Land Data Systems. 
999 |a MARS 
999 f f |s 3407c8f9-442e-3347-8675-7597889de29e  |i 4cb4f790-176e-33c3-a188-21632ec9e4a9  |t 0 
952 f f |p ric  |a Texas A&M University  |b Rellis Campus  |c Joint Library Facility  |d Remote Storage  |t 0  |e Z7164.L3 M6 1978  |h Library of Congress classification  |i unmediated -- volume  |m A14842719313 
998 f f |a Z7164.L3 M6 1978  |t 0  |l Remote Storage